[Event "Visakhapatnam op"]
[Site "Visakhapatnam"]
[Date "2011.11.24"]
[Round "2"]
[White "Sundararajan, Kidambi"]
[Black "Ramakrishna, Perumalla"]
[Result "1-0"]
[WhiteElo "2474"]
[BlackElo "2092"]
[PlyCount "93"]
[EventDate "2011.11.24"]
[EventType "swiss"]
[EventRounds "11"]
[EventCountry "IND"]
[SourceTitle "CBM 145 Extra"]
[Source "ChessBase"]
[SourceDate "2012.01.03"]
[SourceVersion "1"]
[SourceVersionDate "2012.01.03"]
[SourceQuality "1"]

1. c4 Nf6 2. g3 e5 3. Bg2 Nc6 4. Nc3 Bc5 5. Nf3 a5 6. 0-0 d6 7. d3 0-0 8. a3 h6 9. e3 Ba7 10. b3 Be6 11. Bb2 Qd7 12. Re1 Bh3 13. Bh1 Ne4 14. Nd5 f5 15. Nh4 Bg4 16. Qd2 g5 17. Ng2 Bf3 18. b4 g4 19. Nh4 Ng5 20. Bxf3 Nxf3+ 21. Nxf3 gxf3 22. Kh1 Ne7 23. Nxe7+ Qxe7 24. Qd1 e4 25. dxe4 Qxe4 26. Rc1 axb4 27. axb4 Bb8 28. Qb3 c6 29. b5 Bc7 30. c5+ Qd5 31. Qc3 Qe5 32. Qc4+ Qd5 33. bxc6 Qxc4 34. Rxc4 d5 35. Rh4 Ra2 36. Rb1 bxc6 37. Rxh6 Rb8 38. Rh8+ Kf7 39. Rxb8 Bxb8 40. h4 Ba7 41. Bd4 Kg6 42. Rb7 Kh5 43. Rg7 Rxf2 44. Rxa7 Kg4 45. Rg7+ Kh3 46. Kg1 Rg2+ 47. Kf1 1-0